000 01039nam a22002057a 4500
003 JO-AjAnu
005 20250929133432.0
008 250928b jo ||||| |||| 00| 0 ara d
040 _aJO-AjAnu
_bara
_cJO-AjAnu
_dJO-AjAnu
_erda
041 0 _aara
_hara
050 _aK1081
_b2025
100 1 _aبني نصر، وسام أحمد
_eمعد
_966690
245 0 _aالإطار القانوني لوسائل الدفع الإلكتروني المستحدثة = Legal Framework for New Electronic Payment Methods /
_cاعداد وسام أحمد بني نصر ؛ اشراف احمد فهد البطوش
260 _c2025
300 _a120 ورقة
504 _aرسالة جامعية( رسالة ماجستير في القانون)- جامعة عجلون الوطنية(عجلون، الاردن)- كلية الحقوق، قسم القانون، 2025.
650 7 0 _aتحويل الاموال الالكترونيا- قوانين وتشريعات.
_966691
700 1 _aالبطوش، أحمد فهد
_959198
_eمشرف
942 _2lcc
_cTHS
_n0
999 _c34005
_d34005